| 000 | 00637nam a2200253Ia 4500 | ||
|---|---|---|---|
| 003 | OSt | ||
| 005 | 20220924152142.0 | ||
| 006 | a|||||r|||| 00| 0 | ||
| 007 | ta | ||
| 008 | 220923b |||||||| |||| 00| 0 tel d | ||
| 020 | _cRs.20 | ||
| 024 | _a341190 | ||
| 037 | _cTextual | ||
| 040 |
_aARTS _cARTS _btel |
||
| 041 |
_2tel _atel |
||
| 082 | _aO35,1x, K0 | ||
| 100 |
_aNalla Peddi Ramasubbayya Au. _9225975 |
||
| 245 | 0 | _aTyagaragiyamu | |
| 260 | _c1960 | ||
| 300 |
_a105p. _ccm. |
||
| 650 | _aTELUGU LITERATURE | ||
| 942 |
_hO35,1x, K0 _cTEXL _2CC |
||
| 999 |
_c468916 _d468916 |
||